Belgium True or False? - Statistics

General Stats
  • This quiz has been taken 773 times
  • The average score is 9 of 15
Answer Stats
Question Answer % Correct
Belgium is part of the Benelux. True
91%
"Moules-frites" is a typical Belgian dish. True
84%
Napoléon lost his last battle in Antwerp. False
80%
Belgium is a Republic. False
80%
Wallonia is the Dutch speaking region of Belgium. False
77%
There are two official languages in Belgium: French and Dutch. False
74%
Between 2010 and 2011, Belgium didn't have a governement. True
74%
Belgium has already hosted the Olympics Games. True
71%
The real name of Hergé, the famous comics writter, was Georges Remi. True
71%
Bruges is a kind of city which we sometimes call "Little Paris". False
57%
Luxembourg is a Belgian province. True
54%
Hercule Poirot, the famous fictional detective, is a French living in Belgium. False
49%
Till the 1980's, beer was served during school lunch in Belgium. True
47%
Republic of the Congo is a former Belgian colony. False
32%
European Parliament is located in Brussels. False
7%
No matching quizzes found
Score Distribution
Percent of People with Each Score
Percentile by Number Answered
Your Score History
You have not taken this quiz